Форт "Император Александр I"

Bibliografiske detaljer
Andre forfattere: Амирханов Л. И. Леонид Ильясович, Голиков Ю. П. Юрий Павлович, Чирков В. В. Виктор Владимирович, Иванова Ю. Е. Юлия Евгеньевна
Summary:Книга посвящена одному из самых импозантных фортов Кронштадта, имевшему второе название - «Чумной». Строившийся для борьбы с наступающим флотом противника, этот форт стал одним из основных центров борьбы с чумой и другими страшными болезнями. Сейчас предполагается создание на форту современного музейного и культурно-развлекательного комплекса. Книга предназначена всем, кому интересна и дорога история России.
Sprog:russisk
Udgivet: СПб., Остров, 2008
Fag:
Format: MixedMaterials Bog
KOHA link:https://koha.lib.tpu.ru/cgi-bin/koha/opac-detail.pl?biblionumber=152793

MARC

LEADER 00000nam0a2200000 4500
001 152793
005 20231101221640.0
010 |a 9785945000599 
035 |a (RuTPU)RU\TPU\book\165658 
090 |a 152793 
100 |a 20090205d2008 m y0rusy50 ca 
101 0 |a rus 
102 |a RU 
105 |a a z 001zy 
200 1 |a Форт "Император Александр I"  |f Л. И. Амирханов [и др.] 
210 |a СПб.  |c Остров  |d 2008 
215 |a 160 с.  |c ил. 
320 |a Библиография в конце глав. 
330 |a Книга посвящена одному из самых импозантных фортов Кронштадта, имевшему второе название - «Чумной». Строившийся для борьбы с наступающим флотом противника, этот форт стал одним из основных центров борьбы с чумой и другими страшными болезнями. Сейчас предполагается создание на форту современного музейного и культурно-развлекательного комплекса. Книга предназначена всем, кому интересна и дорога история России. 
606 1 |a "Император Александр I", форт  |x История  |2 stltpush  |3 (RuTPU)RU\TPU\subj\68568  |9 83794 
610 1 |a Кронштадт 
610 1 |a форты 
610 1 |a инфекционные болезни 
610 1 |a чума 
610 1 |a строительство 
610 1 |a разоружение 
610 1 |a лаборатории 
686 |a Т3(235.0-2СПб)  |v LBC/SL-A  |2 rubbk 
701 1 |a Амирханов  |b Л. И.  |g Леонид Ильясович 
701 1 |a Голиков  |b Ю. П.  |g Юрий Павлович 
701 1 |a Чирков  |b В. В.  |g Виктор Владимирович 
701 1 |a Иванова  |b Ю. Е.  |g Юлия Евгеньевна 
801 1 |a RU  |b 63413507  |c 20090205  |g PSBO 
801 2 |a RU  |b 63413507  |c 20131114  |g RCR 
942 |c BK 
959 |a 18/20090203  |d 1  |e 570,00  |f ЧЗГЛ:1